| 000 | 00483cam a22001574a 4500 | ||
|---|---|---|---|
| 020 | _a313105171X (GTV, Stuttgart) | ||
| 020 | _a0865778914 (TMP, New York) | ||
| 050 | 0 | 0 |
_aRG137.6.N68 _bL48 1999 |
| 245 | 0 | 0 |
_aLevonorgestrel / _bedited by Alexander T. Teichmann, Alan Corbin, Max Elstein. |
| 260 |
_aStuttgart ; _aNew York : _bThiem, _c1999. |
||
| 300 | _aviii, 177 p. : | ||
| 700 | 1 | _aTeichmann, Alexander, | |
| 700 | 1 | _aCorbin, Alan. | |
| 700 | 1 | _aElstein, Max. | |
| 942 |
_2lcc _cGEN |
||
| 999 |
_c15018 _d15018 |
||